[Event "Motiva Online Blitz (Women)"]
[Site "Chess.com INT"]
[Date "2021.12.18"]
[Round "10"]
[White "Engin, Cagla"]
[Black "Uskova, Taisiya"]
[Result "1-0"]
[WhiteElo "1421"]
[BlackElo "1647"]
[PlyCount "119"]
[EventDate "2021.12.18"]
[EventType "swiss (blitz)"]
[EventRounds "13"]
[EventCountry "USA"]
[SourceTitle "CBM 205 Extra"]
[Source "ChessBase"]
[SourceDate "2022.01.31"]
[SourceVersion "1"]
[SourceVersionDate "2022.01.31"]
[SourceQuality "1"]

1. e4 e5 2. Nf3 Nc6 3. d4 exd4 4. Bc4 d5 5. exd5 Na5 6. Bb5+ Bd7 7. Bxd7+ Qxd7 8. Nxd4 Qxd5 9. 0-0 0-0-0 10. Be3 Nc6 11. Nc3 Qc4 12. Qg4+ Kb8 13. Nxc6+ Qxc6 14. Rad1 Rc8 15. Qe2 Bd6 16. Nb5 Bc5 17. Bxc5 Qxc5 18. Rd2 Nf6 19. Rfd1 Rhe8 20. Qd3 Ne4 21. Re2 f5 22. Na3 a6 23. Qc4 Qxc4 24. Nxc4 Rcd8 25. Rde1 Rf8 26. f3 Nf6 27. Re7 Rfe8 28. Rxe8 Rxe8 29. Rxe8+ Nxe8 30. Ne5 Kc8 31. Kf2 c6 32. Ke3 Kc7 33. Kf4 g6 34. Nf7 Kd7 35. Ng5 Nf6 36. Ke5 Ke7 37. f4 Nd7+ 38. Kd4 Nf8 39. Kc5 Ne6+ 40. Nxe6 Kxe6 41. Kb6 Kd5 42. Kxb7 Ke4 43. g3 Kf3 44. Kxc6 Kg2 45. Kb6 Kxh2 46. c4 Kxg3 47. c5 h5 48. c6 h4 49. c7 h3 50. c8Q h2 51. Qc1 Kg2 52. Qd2+ Kg3 53. Qe3+ Kg2 54. Qe2+ Kg3 55. Qf1 h1Q 56. Qxh1 Kxf4 57. Qf1+ Kg4 58. Kc5 g5 59. Kd5 f4 60. Ke4 1-0

[Event "Motiva Online Blitz (Women)"]
[Site "Chess.com INT"]
[Date "2021.12.18"]
[Round "5"]
[White "Uskova, Taisiya"]
[Black "Khlichkova, Tatiana"]
[Result "0-1"]
[WhiteElo "1647"]
[BlackElo "2230"]
[PlyCount "94"]
[EventDate "2021.12.18"]
[EventType "swiss (blitz)"]
[EventRounds "13"]
[EventCountry "USA"]
[SourceTitle "CBM 205 Extra"]
[Source "ChessBase"]
[SourceDate "2022.01.31"]
[SourceVersion "1"]
[SourceVersionDate "2022.01.31"]
[SourceQuality "1"]

1. e4 e6 2. d4 d5 3. Nd2 Be7 4. Bd3 c5 5. c3 cxd4 6. cxd4 dxe4 7. Nxe4 Nf6 8. Nf3 Nc6 9. 0-0 0-0 10. Be3 Nb4 11. Nxf6+ Bxf6 12. Be4 Nd5 13. Bxd5 Qxd5 14. b3 b6 15. Rc1 Bb7 16. Qe2 a5 17. Qc4 Qh5 18. Qc7 Bxf3 19. gxf3 Qxf3 20. Qxb6 e5 21. dxe5 Bxe5 22. Qc6 Qh5 23. f4 Bf6 24. Qf3 Qg6+ 25. Kh1 Qf5 26. Rc5 Qd3 27. Rc4 Rfe8 28. Bd4 Qxf3+ 29. Rxf3 Re1+ 30. Kg2 Bxd4 31. Rxd4 Rc8 32. Rf2 g6 33. Rdd2 Kg7 34. Rde2 Rec1 35. Rd2 h5 36. Rde2 Ra1 37. Rd2 Kf6 38. Rc2 Rd8 39. Rcd2 Rc8 40. Rc2 Rxc2 41. Rxc2 Kf5 42. Rf2 Rd1 43. Kg3 Rd3+ 44. Kg2 h4 45. h3 Rg3+ 46. Kh2 Ke4 47. Rg2 Rf3 0-1